01223nas a2200277Ia 4500001002700000003001000027008004100037040002500078041001300103100001700116210003100133222003100164245010900195250001100304260000900315501012300324300001400447362002400461500018200485650002300667700001100690942000700701957000600708999003200714952019900746A50/R101-4129 [r000001253]IT-MiCISF161014c99999999xx |||||||||||| ||und|| aIT-MiCISFcIT-MiCISF aITALIANO aLevi Rosanna aRivista di teologia morale aRivista di teologia morale 0aI compiti della famiglia nel mondo contemporaneo (Sinodo dei vescovi, Roma 26 settembre 25 ottobre 1980) a1a ed. c1981 bCISF - Centro Internazionale Studi Famiglia - Via Giotto, 36 20145 MILANO (non commercial uses only)cCopyright 2016 app. 63-79 a49, gen-mar. [1981] a Tema: famiglia, modello-famiglia, matrimonio-sacramento, funzione-famiglia, valori, pastorale-familiare, procreazione, humanae-vitae, spiritualità-familiare, chiesa-domestica aFAMIGLIAvarticolo aAA.VV. cCR 71 a4129bSig1c222960d222960 0010406A_50_000000000000000_R1014129_R00000125371aCISFbCISFd2016-10-14l0oA50/R101-4129 [r000001253]r2016-10-14 00:00:00w2016-10-14yCRzData import 15.10.2016 / by Epidotti, Vaglietti